000
00313nam a22001337a 4500
003
OSt
005
20251027094338.0
008
251027b |||||||| |||| 00| 0 eng d
040
_c
082
_a
530
_b
MAI
245
_a
Applied Physics -1
_c
Maiti,Kakuli A
260
_b
Nirali
_c
2025
942
_2
ddc
_c
BK
_k
530
_m
MAI
_n
0
999
_c
36262
_d
36262